| 000 | 00942cam a22002894a 4500 | ||
|---|---|---|---|
| 001 | 2280 | ||
| 005 | 20231115083754.0 | ||
| 020 | _a0803729707 | ||
| 020 | _a9780142407790 | ||
| 040 |
_aDLC _cDLC _dDLC _beng |
||
| 050 | 0 | 0 |
_aML3930.C96 _bC43 2005 |
| 082 | 0 | 0 |
_a782.42164/092 _aB _222 |
| 100 | 1 | _aChambers, Veronica | |
| 245 | 1 | 0 |
_aCelia Cruz, queen of salsa / _cVeronica Chambers ; illustrated by Julie Maren. |
| 260 |
_aNew York : _bPuffin Group, _c2005 |
||
| 300 |
_a32 unnumbered pages : _bIllustrations _c26x26 cm |
||
| 505 | _aW | ||
| 520 | _aIntroduces the Queen of Salsa who has a magical vibrancy as a Cuban Salsa Singer. | ||
| 521 |
_a920 _bLexile |
||
| 521 |
_aW _bRaz-PlusW |
||
| 650 | 0 |
_aSingers _zLatin America _vBiography _vJuvenile literature. |
|
| 650 | 0 | _aBiography | |
| 650 | 0 | _aLatin America | |
| 700 | 1 |
_aMaren, Julie _d1970- _eillustrator |
|
| 906 |
_a7 _bcbc _corignew _d1 _eecip _f20 _gy-gencatlg |
||
| 942 |
_2ddc _cBK _n0 |
||
| 999 |
_c2280 _d2280 |
||